000 00433nab a2200145Ia 4500
003 ES-SlBCS
005 20210601125257.0
008 140529s1992 xxu||||| |||| 00| 0 eng d
041 _aeng
100 1 _aKornblith, Hilary
_9152004
245 0 4 _aThe Laws of Thought
_c Hilary Kornblith
650 0 4 _aPensamiento-Ley
_9156248
773 0 _tPhilosophy and Phenomenological Research
_gvol. 52, 1992, págs. 895-912
_wRev1411
942 _cAR
999 _c527693
_d527693